| 000 | 00728mam a2200193 4500 | ||
|---|---|---|---|
| 020 | _a0132226464 | ||
| 082 | 0 | 0 |
_a624.1762 _bEAR _cL-15, P-54 |
| 245 | 0 | 0 |
_aEarthquake engineering. _cContributing authors: Bruce A. Bolt [and others] Robert L. Wiegel, coordinating editor. |
| 260 |
_aEnglewood Cliffs, N.J., _bPrentice-Hall _c[1970] |
||
| 300 |
_aix, 518 p. _billus., maps. _c29 cm. |
||
| 500 | _aModeled on a series of lectures given in 1965 at the University of California, Berkeley. | ||
| 526 |
_a0 _b0 _c0 _d624_176200000000000_EAR |
||
| 650 | 0 | _aEarthquake engineering. | |
| 650 | 0 |
_aEarthquakes. _942903 |
|
| 650 | 0 |
_aMCE _9379 |
|
| 700 | 1 |
_aBolt, Bruce A., _947326 |
|
| 700 | 1 |
_aWiegel, Robert L., _925120 |
|
| 942 |
_2ddc _cBK |
||
| 999 |
_c550611 _d550611 |
||